000 00325nam a22001337a 4500
008 190222b xxu||||| |||| 00| 0 eng d
020 _a9780873225250
041 _aeng
080 _23rd
_a615.83
100 _a8
101 _aEGZF
245 _aDesigning the Physical Education Curriculum
_cMelograno, V.J
942 _2udc
_cBK
999 _c54114
_d54114